000
00481nam a2200133Ia 4500
008
100328s9999 xx 000 0 und d
082
_b
64270
100
_a
गुजर अनिल.
245
_a
एका वाईट माणसाची गूढकथा.
260
_b
निशिगंाा.
630
_a
एका वाईट माणसाची गूढकथा.
730
_a
एका वाईट माणसाची गूढकथा.
942
_c
BOOK
999
_c
550070
_d
550067